| 000 | 00734nam a2200193 i 4500 | ||
|---|---|---|---|
| 001 | 44105 | ||
| 003 | ES-MaACL | ||
| 005 | 20230906160945.0 | ||
| 007 | t| | ||
| 008 | 030320q19501959sp ||||1| spa d | ||
| 100 | 1 |
_aCicu, Antonio. _938755 |
|
| 245 | 1 | 0 |
_aProblemas de derecho sucesorio _b: conferencia... 18 de abril de 1950 / _cAntonio Cicu ; traducción, prólogo y notas de Ignacio Serrano. |
| 260 |
_aValladolid : _bUniversidad de Valladolid, _c[195?] ( _fImp. Provincial) |
||
| 300 |
_aXI, 35 p. ; _c21 cm. |
||
| 500 | _aPrecede al tít.: Universidad de Valladolid. | ||
| 500 | _aEs separata de: Seminarios de la Facultad de Derecho. | ||
| 710 | 2 |
_aUniversidad de Valladolid. _97332 |
|
| 852 |
_aES-MaACL _j1927-F-25 _bR.31375 |
||
| 999 |
_c44105 _d44105 |
||